Нобелевские лауреаты - Армагеддон - Statistics

General Stats
  • This quiz has been taken 31 times
  • The average score is 4 of 24
Answers on the Grid
Answers color-coded by a green-red scale on the quiz's grid according to % correct below.
Шарль де Голль
Ирвин Шоу
Ричард Фейнман
Владимир Набоков
Лайнус Полинг
Уинстон Черчилль
Владимир Высоцкий
Михаил Горбачёв
Жан-Поль Сартр
Джон Кеннеди
Уильям Фолкнер
Кэрри Муллис
Барак Обама
Вольфганг Паули
Джо Байден
Михаил Шолохов
Джон Леннон
Редьярд Киплинг
Рональд Рейган
Энрико Ферми
Уильям Голдинг
Нельсон Мандела
Айн Рэнд
Борис Ельцин
Нильс Бор
Иван Павлов
Борис Пастернак
Олдос Хаксли
Стивен Вайнберг
Пабло Пикассо
Артур Конан Дойл
Джейн Фонда
Альбер Камю
Элтон Джон
Лех Валенса
Альберт Эйнштейн
Генри Миллер
Фрэнсис Крик
Ким Чен Ир
Николай Рерих
Хорхе Луис Борхес
Оскар Шиндлер
Джон Стейнбек
Анатоль Франс
Поль Дирак
Томас Лоуренс
Франц Кафка
Илон Маск
Эрнест Хемингуэй
Чарли Чаплин
 
Answer Stats
Answer % Correct
Михаил Горбачёв
50%
Михаил Шолохов
50%
Нельсон Мандела
38%
Уинстон Черчилль
31%
Барак Обама
31%
Альберт Эйнштейн
31%
Эрнест Хемингуэй
31%
Нильс Бор
19%
Ричард Фейнман
13%
Вольфганг Паули
13%
Редьярд Киплинг
13%
Энрико Ферми
13%
Иван Павлов
13%
Альбер Камю
13%
Джон Стейнбек
13%
Уильям Фолкнер
6%
Кэрри Муллис
6%
Уильям Голдинг
6%
Фрэнсис Крик
6%
Лайнус Полинг
6%
Стивен Вайнберг
0%
Лех Валенса
0%
Анатоль Франс
0%
Поль Дирак
0%
No matching quizzes found
Score Distribution
Percent of People with Each Score
Percentile by Number Answered
Your Score History
You have not taken this quiz